Acteurs par lettre : D - Statistiques

Statistiques générales
  • Ce quiz a été pris 102 fois
  • Le résultat moyen est 11 sur 15
Statistiques - réponses
Films / Séries Années Acteurs % Correct
Brice de Nice / OSS 117 : Le Caire nid d'espions 1972- Jean Dujardin
99%
Titanic / Le Loup de Wall-Street 1972- Leonardo Di Caprio
95%
Charlie et la Chocolaterie / Pirates des Caraïbes 1963- Johnny Depp
94%
La Grande Vadrouille / La Soupe aux choux 1914-1983 Louis De Funes
94%
Les Compères / Cyrano de Bergerac 1948- Gérard Depardieu
91%
Les Affranchis / Le Parrain (2ème partie) 1941- Robert De Niro
74%
La Piscine / Le Guépard 1935-2024 Alain Delon
73%
Seul sur Mars / Il faut sauver le soldat Ryan 1970- Matt Damon
73%
La Famille Bélier / Dikkenek 1973- François Damiens
69%
La Cité de la peur / Astéric et Obélix : Mission Cléopâtre 1948- Gérard Darmon
67%
Fast and Furious / Riddick 1967- Vin Diesel
63%
Les Parapluies de Cherbourg / Les Prédateurs 1943- Catherine Deneuve
49%
Sherlock Holmes / Oppenheimer 1965- Robert Downey Jr
49%
Chute libre / Basic Instinct 1944- Michael Douglas
42%
Ulysse / Spartacus 1916-2020 Kirk Douglas
24%
Aucun quiz correspondant
Distribution des résultats
% des personnes avec chaque résultat
Percentile par nombre de réponses
Votre historique - résultats
Vous n’avez pas pris ce quiz